000 00916nam a2200241 i 4500
001 53814
003 ES-MaACL
005 20230906162832.0
007 t|
008 960709s1884 sp ||||1| spa d
040 _aCAM
_bspa
_cCAM
080 _a821.134.2-82"18"
100 1 _aFernández Juncos, Manuel.
_949859
245 1 0 _aVarias cosas
_b: colección de artículos, narraciones, sátiras y juicios literarios /
_cpor Manuel Fernández Juncos.
260 _aPuerto-Rico :
_b[s.n.],
_c1884 (
_fTiip. de las Bellas Letras)
300 _a201, [1] p. ;
_c23 cm.
490 1 _aBiblioteca de "El Buscapié"
530 _aDisponible también en sitio web.
830 0 _aBiblioteca de "El Buscapié"
_9182468
852 _aES-MaACL
_jT-379-F-4
856 _uhttp://bibliotecadigitalhispanica.bne.es:80/webclient/DeliveryManager?pid=2806432&custom_att_2=simple_viewer
_zIr a la página
999 _c53814
_d53814